[Event "SCG-chT1 (Women)"]
[Site "Vrnjacka Banja"]
[Date "2005.10.22"]
[Round "6"]
[White "Aleksov, Anita"]
[Black "Boskovic, Malina"]
[Result "0-1"]
[WhiteElo "2037"]
[BlackElo "2084"]
[PlyCount "82"]
[EventDate "2005.10.17"]
[EventType "team"]
[EventRounds "11"]
[EventCountry "YUG"]
[SourceTitle "EXT 2006"]
[Source "ChessBase"]
[SourceDate "2005.11.24"]
[SourceVersion "1"]
[SourceVersionDate "2005.11.24"]
[SourceQuality "1"]

1. d4 e6 2. c4 d5 3. Nc3 c6 4. Nf3 f5 5. Bf4 Nf6 6. e3 Be7 7. Bd3 0-0 8. Qc2 Ne4 9. g4 Bb4 10. Ke2 Bxc3 11. bxc3 g5 12. Be5 fxg4 13. Bxe4 dxe4 14. Nd2 Nd7 15. Qxe4 Nf6 16. Qg2 c5 17. Rhg1 h5 18. h3 Bd7 19. hxg4 h4 20. Bd6 Bc6 21. Qh2 Rf7 22. Bxc5 Nd7 23. Bd6 Qf6 24. Raf1 Qg6 25. f4 Nb6 26. fxg5 Rxf1 27. Rxf1 Nxc4 28. Rc1 Bb5 29. Nxc4 Bxc4+ 30. Ke1 Rd8 31. Bf4 Rd7 32. Qc2 Bd3 33. Qa4 b5 34. Qa6 Rf7 35. Qc8+ Rf8 36. Qc7 Bc4 37. a4 a6 38. Kf2 Qd3 39. Kg1 Qd2 40. g6 Qxc1+ 41. Kh2 Qc2+ 0-1

[Event "SCG-chT1 (Women)"]
[Site "Vrnjacka Banja"]
[Date "2005.10.21"]
[Round "5"]
[White "Boskovic, Malina"]
[Black "Milovanov, Olga"]
[Result "1-0"]
[WhiteElo "2084"]
[BlackElo "2057"]
[PlyCount "137"]
[EventDate "2005.10.17"]
[EventType "team"]
[EventRounds "11"]
[EventCountry "YUG"]
[SourceTitle "EXT 2006"]
[Source "ChessBase"]
[SourceDate "2005.11.24"]
[SourceVersion "1"]
[SourceVersionDate "2005.11.24"]
[SourceQuality "1"]

1. e4 d5 2. exd5 Qxd5 3. Nf3 c6 4. Be2 Bf5 5. 0-0 Nf6 6. d4 Nbd7 7. c4 Qa5 8. Nc3 e6 9. Bd2 Qc7 10. Rc1 Bd6 11. g3 Qd8 12. Re1 0-0 13. Nh4 Bg6 14. Nxg6 hxg6 15. Bf3 Re8 16. Bg5 Qa5 17. h4 e5 18. d5 cxd5 19. Nxd5 Bc5 20. Bd2 Qd8 21. b4 Bd4 22. Nxf6+ Qxf6 23. Be3 Qb6 24. Qb3 Nf6 25. c5 Qc7 26. c6 b6 27. b5 Red8 28. a4 Rd6 29. Rc2 Rad8 30. Rce2 Bxe3 31. Rxe3 Re6 32. Bg2 Rde8 33. Bh3 R6e7 34. g4 Rd8 35. Rd1 Rxd1+ 36. Qxd1 Ne8 37. Rd3 e4 38. Rd7 Qe5 39. Qe2 e3 40. Rxe7 Qxe7 41. Qxe3 Qxe3 42. fxe3 Kf8 43. Kf2 Ke7 44. e4 Kd6 45. Ke3 Ke5 46. g5 Nc7 47. Bd7 Kd6 48. Kd4 Na8 49. e5+ Ke7 50. Bh3 Nc7 51. Bg4 Kd8 52. Ke4 Ke7 53. Be2 Ke6 54. Bc4+ Ke7 55. Bb3 Ke8 56. e6 f5+ 57. Ke5 Ke7 58. Bc4 Ne8 59. Bb3 Nc7 60. h5 gxh5 61. Kxf5 g6+ 62. Kxg6 h4 63. Bc4 h3 64. Bf1 h2 65. Bg2 Nxe6 66. Kh6 Kf7 67. Bh1 Kg8 68. g6 Kf8 69. Kh7 1-0

[Event "SCG-chT1 (Women)"]
[Site "Vrnjacka Banja"]
[Date "2005.10.19"]
[Round "3"]
[White "Boskovic, Malina"]
[Black "Rakic, Marija"]
[Result "0-1"]
[WhiteElo "2084"]
[BlackElo "2074"]
[PlyCount "116"]
[EventDate "2005.10.17"]
[EventType "team"]
[EventRounds "11"]
[EventCountry "YUG"]
[SourceTitle "EXT 2006"]
[Source "ChessBase"]
[SourceDate "2005.11.24"]
[SourceVersion "1"]
[SourceVersionDate "2005.11.24"]
[SourceQuality "1"]

1. e4 c5 2. b3 d6 3. Bb2 Nf6 4. Bb5+ Bd7 5. Bxd7+ Qxd7 6. d3 Nc6 7. Ne2 g6 8. 0-0 Bg7 9. Nd2 0-0 10. Rb1 d5 11. exd5 Nxd5 12. Bxg7 Kxg7 13. Ne4 b6 14. Qd2 Nd4 15. N4g3 Rad8 16. Rbd1 Rfe8 17. a4 e5 18. f4 Nxe2+ 19. Nxe2 exf4 20. Rf3 g5 21. h3 h5 22. Rf2 f6 23. Nc3 Ne3 24. Re1 Kg6 25. Ree2 Qc7 26. Qc1 f5 27. Nd1 Nd5 28. Qd2 Qd7 29. h4 Rxe2 30. Rxe2 g4 31. Qe1 Kf7 32. c4 Nf6 33. Nf2 Re8 34. Kf1 Rxe2 35. Qxe2 Qe6 36. Nd1 Qxe2+ 37. Kxe2 Ne8 38. Nc3 Nc7 39. Kd2 Ke6 40. Ne2 Ke5 41. Kc3 Ne6 42. b4 a5 43. b5 f3 44. gxf3 gxf3 45. Ng3 f4 46. Ne4 Nd4 47. Nf2 Nf5 48. Nh3 Nxh4 49. d4+ cxd4+ 50. Kd3 Nf5 51. Ng5 f2 52. Nf3+ Kd6 53. Ke2 d3+ 54. Kxf2 Ne3 55. Nd2 Kc5 56. Kf3 Nxc4 57. Ne4+ Kb4 58. Kxf4 d2 0-1

[Event "SCG-chT1 (Women)"]
[Site "Vrnjacka Banja"]
[Date "2005.10.17"]
[Round "1"]
[White "Boskovic, Malina"]
[Black "Benderac, Ana"]
[Result "0-1"]
[WhiteElo "2084"]
[BlackElo "2291"]
[PlyCount "78"]
[EventDate "2005.10.17"]
[EventType "team"]
[EventRounds "11"]
[EventCountry "YUG"]
[SourceTitle "EXT 2006"]
[Source "ChessBase"]
[SourceDate "2005.11.24"]
[SourceVersion "1"]
[SourceVersionDate "2005.11.24"]
[SourceQuality "1"]

1. e4 c5 2. b3 b6 3. Bb2 Bb7 4. d3 d5 5. exd5 Bxd5 6. Nf3 Nf6 7. d4 e6 8. Bb5+ Bc6 9. Bxc6+ Nxc6 10. 0-0 Rc8 11. c4 Rc7 12. d5 exd5 13. Re1+ Ne7 14. Bxf6 gxf6 15. cxd5 Rd7 16. Nc3 Bg7 17. Qd3 0-0 18. Rad1 Rd6 19. Nh4 Re8 20. Qg3 Kh8 21. Qf4 Rd7 22. Qe3 Rg8 23. d6 Nc6 24. Nf5 Bf8 25. Ne4 Rg6 26. h3 Kg8 27. Neg3 Ne5 28. f4 Nc6 29. Kh2 Nd4 30. Nxd4 cxd4 31. Rxd4 Rxd6 32. Red1 Qb8 33. Rxd6 Bxd6 34. Rxd6 Qxd6 35. Qe8+ Qf8 36. Qd7 Qa8 37. Qd4 h5 38. Ne4 Qc6 39. f5 Qc7+ 0-1

[Event "SCG-chT (Women)"]
[Site "Herceg Novi"]
[Date "2005.05.19"]
[Round "5"]
[White "Boskovic, Malina"]
[Black "Drljevic, Ljilja"]
[Result "0-1"]
[WhiteElo "2077"]
[BlackElo "2164"]
[PlyCount "80"]
[EventDate "2005.05.15"]
[EventType "team"]
[EventRounds "5"]
[EventCountry "YUG"]
[SourceTitle "CBM 106 Extra"]
[Source "ChessBase"]
[SourceDate "2005.07.01"]
[SourceVersion "1"]
[SourceVersionDate "2005.07.01"]
[SourceQuality "1"]

1. e4 d6 2. d4 Nf6 3. Bd3 e5 4. dxe5 dxe5 5. Nf3 Nbd7 6. 0-0 g6 7. Qe2 Bg7 8. Rd1 Qe7 9. c3 Nc5 10. Bc2 a5 11. Bg5 0-0 12. Nbd2 Ne6 13. Bh4 Nf4 14. Qe1 a4 15. Nc4 Qe6 16. Ne3 Ng4 17. Bg3 c6 18. Rd2 Nxe3 19. Qxe3 Bh6 20. Qc5 b6 21. Qd6 Ne2+ 22. Kh1 Nxg3+ 23. fxg3 Bxd2 24. Qxd2 Qe7 25. h3 Rd8 26. Qe3 b5 27. Rf1 f6 28. Kh2 Be6 29. a3 Bc4 30. Rf2 Qa7 31. Qe1 Rd6 32. g4 g5 33. Rd2 Rad8 34. Rxd6 Rxd6 35. Qc1 Qf2 36. Qg1 Qxc2 37. Qa7 Qd3 38. Qe7 Bf7 39. Nd4 Rxd4 40. cxd4 Qxe4 0-1

[Event "SCG-chT (Women)"]
[Site "Herceg Novi"]
[Date "2005.05.15"]
[Round "1"]
[White "Nestorovic, Irena"]
[Black "Boskovic, Malina"]
[Result "0-1"]
[WhiteElo "2060"]
[BlackElo "2077"]
[PlyCount "119"]
[EventDate "2005.05.15"]
[EventType "team"]
[EventRounds "5"]
[EventCountry "YUG"]
[SourceTitle "CBM 106 Extra"]
[Source "ChessBase"]
[SourceDate "2005.07.01"]
[SourceVersion "1"]
[SourceVersionDate "2005.07.01"]
[SourceQuality "1"]

1. d4 d5 2. c4 e6 3. Nf3 c6 4. e3 f5 5. g3 Nf6 6. Bg2 Bd6 7. b3 0-0 8. 0-0 Nbd7 9. Ba3 Bxa3 10. Nxa3 Ne4 11. Nc2 Qf6 12. Nce1 Nd6 13. Qc2 g5 14. Nd3 Nf7 15. Qc3 h5 16. h4 Qg7 17. hxg5 Nxg5 18. Nh4 Nf6 19. Nf4 Nge4 20. Qb2 Qg5 21. Bxe4 fxe4 22. Kg2 Rf7 23. Rh1 Rg7 24. Rag1 Bd7 25. Kf1 Kf7 26. Nhg2 Rag8 27. Rh4 Rh7 28. Rgh1 a6 29. a4 Qf5 30. Qe2 Rgh8 31. Qb2 Ng4 32. Qe2 e5 33. dxe5 Qxe5 34. cxd5 cxd5 35. Qd1 Nf6 36. Ne2 Bg4 37. Ngf4 Rc8 38. Rxg4 hxg4 39. Rxh7+ Nxh7 40. Qxd5+ Qxd5 41. Nxd5 Nf6 42. Ndf4 Nd7 43. Nd4 Ne5 44. Ke2 Rc1 45. Kd2 Rf1 46. Ke2 Rb1 47. Kd2 Rb2+ 48. Kc3 Rxf2 49. Nde2 Kf6 50. Kd4 Kf5 51. Kd5 Nc6 52. Kc4 Rf3 53. Nd5 Rf1 54. b4 Rd1 55. b5 Na5+ 56. Kc5 Ke5 57. Nd4 Rc1+ 58. Kb4 Nc4 59. bxa6 bxa6 60. Nb3 0-1

[Event "SCG-chT (Women)"]
[Site "Budva"]
[Date "2004.09.16"]
[Round "8.4"]
[White "Boskovic, Malina"]
[Black "Djukic, Sandra"]
[Result "1/2-1/2"]
[WhiteElo "2075"]
[BlackElo "2029"]
[PlyCount "31"]
[EventDate "2004.09.08"]
[EventType "team"]
[EventRounds "11"]
[EventCountry "YUG"]
[SourceTitle "CBM 102 Extra"]
[Source "ChessBase"]
[SourceDate "2004.11.03"]
[SourceVersion "1"]
[SourceVersionDate "2004.11.03"]
[SourceQuality "1"]
[WhiteTeam "04"]
[BlackTeam "06"]
[WhiteTeamCountry "YUG"]
[BlackTeamCountry "YUG"]

1. e4 c5 2. Nc3 e6 3. Nf3 Nc6 4. d3 d6 5. g3 g6 6. Bg2 Bg7 7. 0-0 Nge7 8. Be3 Nd4 9. Qd2 Nec6 10. Nd1 0-0 11. c3 Nxf3+ 12. Bxf3 Ne5 13. Bg2 Ng4 14. h3 Nxe3 15. Nxe3 Rb8 16. Rad1 1/2-1/2

[Event "SCG-chT (Women)"]
[Site "Budva"]
[Date "2004.09.08"]
[Round "1.4"]
[White "Boskovic, Malina"]
[Black "Benderac, Ana"]
[Result "0-1"]
[WhiteElo "2075"]
[BlackElo "2299"]
[PlyCount "82"]
[EventDate "2004.09.08"]
[EventType "team"]
[EventRounds "11"]
[EventCountry "YUG"]
[SourceTitle "CBM 102 Extra"]
[Source "ChessBase"]
[SourceDate "2004.11.03"]
[SourceVersion "1"]
[SourceVersionDate "2004.11.03"]
[SourceQuality "1"]
[WhiteTeam "04"]
[BlackTeam "02"]
[WhiteTeamCountry "YUG"]
[BlackTeamCountry "YUG"]

1. e4 c5 2. Nc3 Nc6 3. Bb5 Nd4 4. Bc4 e6 5. Nf3 a6 6. Nxd4 cxd4 7. Ne2 Nf6 8. d3 d5 9. exd5 e5 10. 0-0 b5 11. Bb3 Bb7 12. f4 Bd6 13. Qe1 0-0 14. Qf2 Rc8 15. h3 Bxd5 16. fxe5 Bxe5 17. Bxd5 Nxd5 18. Nxd4 Nb4 19. c3 Nxd3 20. Qe3 Bxd4 21. cxd4 Nb4 22. Qg3 Nc2 23. Rb1 Nxd4 24. Kh1 Ne2 25. Qg4 Nxc1 26. Rbxc1 Rxc1 27. Rxc1 Qf6 28. Qb4 g6 29. Rd1 Rc8 30. b3 Kg7 31. a4 bxa4 32. bxa4 Rc2 33. Qe4 Rf2 34. Qd4 h5 35. Qxf6+ Rxf6 36. Rd4 Kf8 37. Kh2 Ke7 38. Kg3 Ke6 39. Kh2 Ke5 40. Rb4 Rf4 41. Rb7 f6 0-1

[Event "SCG-chT (Women)"]
[Site "Budva"]
[Date "2003.??.??"]
[Round "7.33"]
[White "Boskovic, Malina"]
[Black "Urosevic, Marija"]
[Result "0-1"]
[WhiteElo "2084"]
[BlackElo "2009"]
[PlyCount "140"]
[EventDate "2003.09.??"]
[EventType "team"]
[EventRounds "11"]
[EventCountry "YUG"]
[SourceTitle "CBM 096 Extra"]
[Source "ChessBase"]
[SourceDate "2003.10.22"]
[SourceVersion "2"]
[SourceVersionDate "2003.10.20"]
[SourceQuality "1"]

1. e4 c5 2. b3 d6 3. Bb2 Nf6 4. Bb5+ Nbd7 5. e5 dxe5 6. Bxe5 a6 7. Bxd7+ Bxd7 8. Nf3 e6 9. 0-0 Be7 10. d3 0-0 11. Nbd2 Bc6 12. Qe2 b6 13. h3 Nd7 14. Bg3 Re8 15. Nc4 Nf6 16. Rfe1 Bb7 17. Nce5 Bd6 18. Rad1 Qc7 19. Bh4 Nd5 20. Qd2 f6 21. c4 fxe5 22. cxd5 exd5 23. Bg3 Re7 24. Nh4 Rf8 25. Qg5 Bc8 26. f4 exf4 27. Qxd5+ Kh8 28. Bf2 Ref7 29. Qh5 Kg8 30. Qd5 Bb7 31. Qe6 Kh8 32. Nf3 Rf6 33. Qc4 Rg6 34. Kf1 Qd7 35. Re4 Bxe4 36. dxe4 Qb5 37. e5 Bb8 38. a4 Qxc4+ 39. bxc4 Re6 40. Ng5 Re7 41. Rd5 h6 42. Nf3 Rfe8 43. a5 bxa5 44. Bxc5 Rc7 45. Ke2 Rec8 46. Bd4 Rxc4 47. Kd3 a4 48. e6 R4c7 49. Ra5 Re7 50. Rxa6 Rce8 51. Nh4 Rxe6 52. Rxa4 Kg8 53. Rb4 Rd8 54. Nf3 Ba7 55. Ra4 Bxd4 56. Nxd4 Re3+ 57. Kc4 g5 58. Ra2 Re4 59. Rd2 Kf7 60. Kc3 Rc8+ 61. Kb4 Kf6 62. Kb3 Re7 63. Nb5 Rb7 64. Ka4 Ra8+ 65. Kb4 Rab8 66. Rd5 h5 67. Kc4 Rxb5 68. Rxb5 Rxb5 69. Kxb5 Ke5 70. Kc4 Ke4 0-1

[Event "SCG-chT (Women)"]
[Site "Budva"]
[Date "2003.??.??"]
[Round "1.53"]
[White "Stojanovic, Marija R"]
[Black "Boskovic, Malina"]
[Result "1-0"]
[WhiteElo "2104"]
[BlackElo "2084"]
[PlyCount "107"]
[EventDate "2003.09.??"]
[EventType "team"]
[EventRounds "11"]
[EventCountry "YUG"]
[SourceTitle "CBM 096 Extra"]
[Source "ChessBase"]
[SourceDate "2003.10.22"]
[SourceVersion "2"]
[SourceVersionDate "2003.10.20"]
[SourceQuality "1"]

1. e4 e6 2. d4 d5 3. Nd2 Nf6 4. e5 Nfd7 5. Bd3 c5 6. c3 Nc6 7. Ne2 cxd4 8. cxd4 Qb6 9. Nf3 Bb4+ 10. Bd2 Bxd2+ 11. Qxd2 Qb4 12. Rc1 Nb6 13. 0-0 Qxd2 14. Nxd2 Bd7 15. Rfe1 Rc8 16. a3 Ke7 17. b4 a6 18. Nb3 Na4 19. Rc2 b5 20. Rec1 Nb6 21. Nc5 Nc4 22. Bxc4 dxc4 23. Rd2 Rhd8 24. Nb7 Rg8 25. Nd6 Ra8 26. Nc3 f6 27. Re1 fxe5 28. dxe5 Rgf8 29. Re4 Nb8 30. Rg4 g6 31. Nce4 a5 32. f4 axb4 33. axb4 Ra1+ 34. Kf2 Bc6 35. Nc3 Nd7 36. Ke2 Rb8 37. Rh4 Nf8 38. Ke3 Ra3 39. Kd4 h5 40. Rh3 Kd7 41. Kc5 Rxc3 42. Rxc3 Kc7 43. Kd4 Nd7 44. Ra2 Kd8 45. Rg3 Nf8 46. Ra7 Bd7 47. Rga3 Bc6 48. g3 Nd7 49. R3a6 Bd5 50. Ne4 Bxe4 51. Kxe4 Rc8 52. Rd6 Rc7 53. Rxc7 Kxc7 54. Rxe6 1-0

[Event "SCG-chT (Women)"]
[Site "Budva"]
[Date "2003.??.??"]
[Round "10.43"]
[White "Tadic, Katarina"]
[Black "Boskovic, Malina"]
[Result "1/2-1/2"]
[WhiteElo "2141"]
[BlackElo "2084"]
[PlyCount "21"]
[EventDate "2003.09.??"]
[EventType "team"]
[EventRounds "11"]
[EventCountry "YUG"]
[SourceTitle "CBM 096 Extra"]
[Source "ChessBase"]
[SourceDate "2003.10.22"]
[SourceVersion "2"]
[SourceVersionDate "2003.10.20"]
[SourceQuality "1"]

1. Nf3 d5 2. d4 e6 3. c4 c6 4. b3 Bd6 5. Ba3 Bxa3 6. Nxa3 Qe7 7. Nc2 Nd7 8. e3 f5 9. g3 Ngf6 10. Bg2 0-0 11. 0-0 1/2-1/2

[Event "YUG-ch (Women) 53th"]
[Site "Herceg Novi"]
[Date "2000.04.17"]
[Round "8"]
[White "Chelushkina, Irina"]
[Black "Boskovic, Malina"]
[Result "1-0"]
[WhiteElo "2398"]
[BlackElo "2050"]
[PlyCount "67"]
[EventDate "2000.04.16"]
[EventType "tourn"]
[EventRounds "13"]
[EventCountry "YUG"]
[SourceTitle "CBM 075 Extra"]
[Source "ChessBase"]
[SourceDate "2000.05.11"]
[SourceVersion "2"]
[SourceVersionDate "2000.05.11"]
[SourceQuality "1"]

1. g3 d5 2. Bg2 c6 3. Nf3 Nf6 4. 0-0 Nbd7 5. d4 e6 6. b3 Bd6 7. Bb2 Qe7 8. c4 0-0 9. Nbd2 Re8 10. Qb1 Bb4 11. e4 Bxd2 12. Nxd2 dxc4 13. e5 Nd5 14. bxc4 N5b6 15. a4 Nf8 16. a5 Nbd7 17. Ne4 Nb8 18. Ba3 Qd7 19. Bd6 Na6 20. Qd1 Kh8 21. Qh5 Ng6 22. Ng5 h6 23. Be4 Kg8 24. Nxf7 Nf8 25. Bxf8 Qxf7 26. Qxf7+ Kxf7 27. Bd6 Nb8 28. h4 g6 29. Ra3 Nd7 30. g4 Rg8 31. Rb1 a6 32. d5 cxd5 33. cxd5 Rg7 34. Rf3+ 1-0

[Event "YUG-ch (Women) 53th"]
[Site "Herceg Novi"]
[Date "2000.04.13"]
[Round "5"]
[White "Boskovic, Malina"]
[Black "Prudnikova, Svetlana"]
[Result "0-1"]
[WhiteElo "2050"]
[BlackElo "2421"]
[PlyCount "80"]
[EventDate "2000.04.16"]
[EventType "tourn"]
[EventRounds "13"]
[EventCountry "YUG"]
[SourceTitle "CBM 075 Extra"]
[Source "ChessBase"]
[SourceDate "2000.05.11"]
[SourceVersion "2"]
[SourceVersionDate "2000.05.11"]
[SourceQuality "1"]

1. e4 c5 2. Nc3 Nc6 3. g3 g6 4. Bg2 Bg7 5. d3 d6 6. Be3 e5 7. Qd2 Nge7 8. Nge2 Nd4 9. 0-0 0-0 10. f4 Rb8 11. Nd1 b6 12. Nf2 Nxe2+ 13. Qxe2 exf4 14. Bxf4 Bxb2 15. Bh6 Bxa1 16. Rxa1 f6 17. c4 Be6 18. Rf1 Qd7 19. Qb2 Nc6 20. g4 Ne5 21. h3 Rf7 22. Bf4 g5 23. Bd2 Rbf8 24. Qc3 h5 25. gxh5 Rh7 26. Ng4 Bxg4 27. hxg4 Qxg4 28. d4 cxd4 29. Qxd4 Qxh5 30. Qd5+ Kg7 31. Rf5 Qd1+ 32. Rf1 Qh5 33. Rf5 Qf7 34. Qxd6 Qd7 35. Qb4 Qd4+ 36. Kf1 Qxc4+ 37. Qxc4 Nxc4 38. Bb4 Ne3+ 39. Kf2 Nxf5 40. Bxf8+ Kxf8 0-1

[Event "Serbia-ch (Women)"]
[Site "Kragujevac"]
[Date "2000.??.??"]
[Round "8"]
[White "Boskovic, Malina"]
[Black "Kostic, Maja"]
[Result "1-0"]
[WhiteElo "2050"]
[BlackElo "2172"]
[PlyCount "57"]
[EventDate "2000.02.19"]
[EventType "swiss"]
[EventRounds "9"]
[EventCountry "YUG"]
[SourceTitle "EXT 2001"]
[Source "ChessBase"]
[SourceDate "2000.11.22"]
[SourceVersion "1"]
[SourceVersionDate "2000.11.22"]
[SourceQuality "1"]

1. e4 d6 2. d4 Nf6 3. Nc3 c6 4. Nf3 Bg4 5. Be2 Nbd7 6. h3 Bh5 7. 0-0 e5 8. Be3 Be7 9. Qd2 Qc7 10. d5 Bg6 11. Bg5 Bxe4 12. dxc6 Bxc6 13. Rad1 a6 14. Rfe1 0-0 15. Nh4 d5 16. Nf5 Bc5 17. Bxf6 Nxf6 18. Qg5 Ne8 19. Nxd5 Bxd5 20. Rxd5 f6 21. Qg4 b5 22. Red1 g6 23. Rd7 Qb6 24. Kh1 Ra7 25. b4 Bd4 26. Ne7+ Kh8 27. Nxg6+ Kg8 28. Nxe5+ Kh8 29. Ng6+ 1-0

[Event "Serbia-ch (Women)"]
[Site "Kragujevac"]
[Date "2000.??.??"]
[Round "6"]
[White "Zivkovic, Vesna"]
[Black "Boskovic, Malina"]
[Result "0-1"]
[WhiteElo "2192"]
[BlackElo "2050"]
[PlyCount "64"]
[EventDate "2000.02.19"]
[EventType "swiss"]
[EventRounds "9"]
[EventCountry "YUG"]
[SourceTitle "EXT 2001"]
[Source "ChessBase"]
[SourceDate "2000.11.22"]
[SourceVersion "1"]
[SourceVersionDate "2000.11.22"]
[SourceQuality "1"]

1. c4 e6 2. Nc3 d5 3. d4 f5 4. g3 c6 5. Bg2 Nf6 6. Nh3 Bd6 7. Bf4 0-0 8. 0-0 Qe7 9. Bxd6 Qxd6 10. c5 Qe7 11. f4 Nbd7 12. b4 Ne4 13. Qc2 Ndf6 14. Nf2 Nxf2 15. Rxf2 g5 16. e3 g4 17. b5 Bd7 18. a4 h5 19. Bf1 Rf7 20. Bd3 h4 21. Rg2 Rh7 22. Kf2 Kf7 23. bxc6 bxc6 24. Rb1 hxg3+ 25. hxg3 Kg6 26. a5 Rah8 27. Rb7 Rh1 28. Bf1 R8h3 29. Rxa7 Qh7 30. Rb7 R3h2 31. Rxh2 Qxh2+ 32. Bg2 Rg1 0-1

[Event "YUG-ch sf (Women)"]
[Site "Belgrade"]
[Date "1999.??.??"]
[Round "3"]
[White "Boskovic, Malina"]
[Black "Mladenovic, Jelena"]
[Result "0-1"]
[WhiteElo "2075"]
[BlackElo "2019"]
[PlyCount "80"]
[EventDate "1999.??.??"]
[EventType "swiss"]
[EventRounds "11"]
[EventCountry "YUG"]
[SourceTitle "EXT 2002"]
[Source "ChessBase"]
[SourceDate "2001.11.25"]
[SourceVersion "1"]
[SourceVersionDate "2001.11.25"]
[SourceQuality "1"]

1. e4 c5 2. b3 Nc6 3. Bb2 d5 4. e5 d4 5. f4 Bf5 6. Nf3 Nb4 7. d3 Nd5 8. Bc1 e6 9. Bd2 Nge7 10. g3 Bg4 11. Be2 Nf5 12. Kf2 Nde3 13. Qc1 Bh3 14. Ng5 Bg2 15. Rg1 Qd5 16. c4 Qc6 17. Na3 h6 18. Nf3 Bh3 19. Nc2 Ng4+ 20. Ke1 Be7 21. Qd1 h5 22. b4 b6 23. b5 Qc7 24. Ng5 Bxg5 25. fxg5 Nxe5 26. Bf4 Bg4 27. Kf2 f6 28. h4 Rf8 29. gxf6 gxf6 30. Ne1 Qg7 31. Nf3 Rc8 32. Nh2 Ne3 33. Bxe3 dxe3+ 34. Kxe3 f5 35. Nxg4 Nxg4+ 36. Kd2 Rd8 37. Re1 Nf2 38. Qc2 Ne4+ 39. Ke3 Qd4+ 40. Kf4 e5+ 0-1

[Event "YUG-chT (Women)"]
[Site "Niksic"]
[Date "1997.??.??"]
[Round "7"]
[White "Benderac, Ana"]
[Black "Boskovic, Malina"]
[Result "1/2-1/2"]
[WhiteElo "2130"]
[BlackElo "2065"]
[PlyCount "132"]
[EventDate "1997.08.27"]
[EventType "team"]
[EventRounds "11"]
[EventCountry "YUG"]
[SourceTitle "CBM 059 Extra"]
[Source "ChessBase"]
[SourceDate "1997.09.26"]
[SourceVersion "1"]
[SourceVersionDate "1997.09.26"]
[SourceQuality "1"]

1. d4 e6 2. Nf3 d5 3. Bf4 c6 4. e3 Bd6 5. Ne5 Qe7 6. Nd2 Nf6 7. Bd3 Nbd7 8. h3 Nf8 9. Bh2 Ng6 10. f4 Nd7 11. Qf3 f5 12. g4 Nf6 13. 0-0-0 Ne4 14. gxf5 exf5 15. Rhg1 Bxe5 16. fxe5 Be6 17. Nb3 0-0-0 18. Bf4 Rdf8 19. Kb1 Rf7 20. Rc1 a5 21. Qh5 Nxf4 22. exf4 a4 23. Bxe4 axb3 24. Bd3 bxa2+ 25. Kxa2 Kc7 26. c3 Ra8+ 27. Kb1 g6 28. Qf3 Rff8 29. Rg5 b5 30. Bc2 Kb6 31. Bb3 Ra7 32. Kc2 Rfa8 33. Qf1 Rg8 34. Qg1 Bf7 35. Re1 Qe6 36. h4 h6 37. Rg2 Rga8 38. Qf2 Re8 39. Rgg1 Rea8 40. Qe3 Be8 41. Kd3 Bf7 42. Bc2 Rg8 43. Ra1 Rga8 44. Rxa7 Rxa7 45. Qh3 h5 46. Bb1 Kc7 47. Qg3 Kb6 48. Qg5 Qe8 49. Qf6 Qe7 50. Qxe7 Rxe7 51. Rg5 Kc7 52. Kc2 Re8 53. Kb3 Rg8 54. Bd3 Kb6 55. Kb4 Ra8 56. Rg1 Ra4+ 57. Kb3 c5 58. dxc5+ Kxc5 59. Rf1 d4+ 60. Kc2 dxc3 61. Kxc3 Bc4 62. Re1 Bxd3 63. Kxd3 Rd4+ 64. Kc3 Rc4+ 65. Kb3 Rb4+ 66. Kc2 Rc4+ 1/2-1/2

[Event "YUG-chT (Women)"]
[Site "Niksic"]
[Date "1997.??.??"]
[Round "4"]
[White "Boskovic, Malina"]
[Black "Jovanovic, Violeta"]
[Result "0-1"]
[WhiteElo "2065"]
[BlackElo "2120"]
[PlyCount "53"]
[EventDate "1997.08.27"]
[EventType "team"]
[EventRounds "11"]
[EventCountry "YUG"]
[SourceTitle "CBM 059 Extra"]
[Source "ChessBase"]
[SourceDate "1997.09.26"]
[SourceVersion "1"]
[SourceVersionDate "1997.09.26"]
[SourceQuality "1"]

1. e4 c5 2. b3 e6 3. Bb2 a6 4. Nf3 Nc6 5. Be2 d5 6. exd5 exd5 7. d4 Nf6 8. 0-0 Bd6 9. dxc5 Bxc5 10. Nd4 0-0 11. Nxc6 bxc6 12. Bf3 Qd6 13. Nc3 Bf5 14. Na4 Ba7 15. c4 Be4 16. c5 Qf4 17. Bxe4 Nxe4 18. Qd4 Qg5 19. f3 Nf6 20. f4 Qg4 21. Rf3 Ne4 22. h3 Qg6 23. f5 Qg5 24. f6 Nxf6 25. Raf1 Rad8 26. Qd3 Ne4 27. Rg3 0-1

[Event "YUG-ch sf (Women)"]
[Site "Nis"]
[Date "1995.??.??"]
[Round "?"]
[White "Boskovic, Malina"]
[Black "Stankovic, Marija"]
[Result "0-1"]
[WhiteElo "2055"]
[BlackElo "2110"]
[PlyCount "82"]
[EventDate "1995.??.??"]
[EventType "swiss"]
[EventRounds "11"]
[EventCountry "YUG"]
[SourceTitle "EXT 2000"]
[Source "ChessBase"]
[SourceDate "1999.11.16"]
[SourceVersion "1"]
[SourceVersionDate "1999.11.16"]
[SourceQuality "1"]

1. e4 c5 2. Nc3 Nc6 3. g3 g6 4. Bg2 Bg7 5. d3 e6 6. Nf3 d5 7. exd5 exd5 8. 0-0 Nge7 9. Bf4 a6 10. Qc1 0-0 11. Bh6 Re8 12. Bxg7 Kxg7 13. Qd2 h6 14. d4 c4 15. Rfe1 b5 16. Ne2 g5 17. c3 Bf5 18. Ne5 Qd6 19. f4 f6 20. Nf3 Ng6 21. fxg5 hxg5 22. Kf2 Ra7 23. h4 g4 24. Nfg1 Rae7 25. h5 Nf8 26. Nf4 Be4 27. Nge2 Nd8 28. Rh1 Nf7 29. Bxe4 Rxe4 30. Rh4 Qd7 31. Kg2 Ng5 32. Ng1 Re3 33. Rf1 Rxg3+ 34. Kh2 Qf5 35. Re1 Rxg1 36. Rxg1 Nf3+ 37. Kh1 Nxd2 38. Rhxg4+ Kh6 39. Rg8 Qe4+ 40. R1g2 Qe1+ 41. Kh2 Qh4+ 0-1

[Event "Jacques Lemans op 15th"]
[Site "St Veit"]
[Date "1995.??.??"]
[Round "1"]
[White "Boskovic, Malina"]
[Black "Toefferl, Heimo"]
[Result "0-1"]
[WhiteElo "2055"]
[BlackElo "2205"]
[PlyCount "114"]
[EventDate "1995.07.??"]
[EventType "swiss"]
[EventRounds "9"]
[EventCountry "AUT"]
[SourceTitle "EXT 1998"]
[Source "ChessBase"]
[SourceDate "1997.11.17"]
[SourceVersion "1"]
[SourceVersionDate "1997.11.17"]
[SourceQuality "1"]

1. d4 e6 2. Nf3 d5 3. Bf4 Be7 4. e3 Nd7 5. Bd3 c5 6. c3 b6 7. Nbd2 Bb7 8. Ne5 Ngf6 9. h3 0-0 10. g4 Ne4 11. Nxd7 Qxd7 12. Qc2 f5 13. Nf3 Qe8 14. gxf5 exf5 15. 0-0-0 Bc6 16. Bxe4 fxe4 17. Ne5 cxd4 18. Nxc6 Qxc6 19. Rxd4 Bf6 20. Rd2 a5 21. Qb3 Rfd8 22. a4 Kf7 23. Rhd1 Ke6 24. Kb1 Rac8 25. Rg1 Rd7 26. Bg5 Be5 27. Rg4 h5 28. Rh4 g6 29. Rxe4 Kf5 30. Rxe5+ Kxe5 31. f4+ Ke6 32. e4 Qc4 33. exd5+ Rxd5 34. Qxb6+ Rc6 35. Qe3+ Kf5 36. Rxd5+ Qxd5 37. Qa7 Qd1+ 38. Ka2 Qxa4+ 39. Kb1 Qd1+ 40. Ka2 Qd5+ 41. Kb1 Rd6 42. Qg1 Qe4+ 43. Kc1 Rd5 44. Qf1 Qa4 45. Qe2 Qa1+ 46. Kc2 Qa4+ 47. Kc1 Qe4 48. Qf1 a4 49. h4 Qe3+ 50. Kb1 a3 51. Qa6 Rd1+ 52. Ka2 axb2 53. Qc8+ Qe6+ 54. Qxe6+ Kxe6 55. Kxb2 Kd5 56. Kc2 Rf1 57. Kb3 Rb1+ 0-1